Представление документа в формате RUSMARC

ПолеНазваниеЗначение
  Тип записи a
  Библиографический уровень m
001 Контрольный номер RU/CBS_UL/BASE/fee7f6102b6a44d09e78010a52042691
005 Дата корректировки 20250124034007.2
101 Язык документа __
a Язык текста rus
102 Страна публикации __
a Страна публикации RU
200 Заглавие и сведения об ответственности 0_
a Заглавие № 18 (27 сент.)
210 Выходные данные __
d Дата издания 2024
461 Уровень набора __
1 2001
a Ялгат
v № 18 (27 сент.)
1 210
d 2024
801 Источник записи __
a Страна RU
b Организация МБУК ЦБС г. Ульяновска
g Правила каталогизации RCR
901 Тип документа __
w Контрольный № источника RU/CBS_UL/BASE/551816273
t Тип документа h
909 Создатель записи __
a Создатель записи lib17